Missing Word: Guns N' Roses Songs (A-Z) Quiz Stats

 Plays Quiz Updated Jun 22, 2017

Support Sporcle.
Go Orange.
Score 0/24 Timer 03:00
0 Plays Today
Song Title Missing Word % Correct
_____ Child O' MineSweet
95.4%
Welcome to the ______Jungle
94.8%
___ in a MillionOne
94.3%
Civil ___War
93%
Garden of ____Eden
91.2%
___ So EasyIt's
91.1%
Out Ta ___ MeGet
87.3%
You Could Be ____Mine
87.1%
________ RainNovember
86.9%
________ GoesAnything
84.6%
________ CityParadise
84%
Catcher in the ___Rye
83.3%
Song Title Missing Word % Correct
_____ CrazyYou're
80.1%
Don't ___Cry
79.4%
Rocket _____Queen
78%
This I ____Love
74%
Ain't It ___Fun
68.5%
Chinese _________Democracy
66.1%
Mr. __________Brownstone
64.8%
____ to Love HerUsed
63.7%
Right Next Door to ____Hell
62.9%
__ Years14
51.7%
Mama ___Kin
48.7%
_____ About YouThink
48%

Today's Daily Dose

You're not logged in!

Compare scores with friends on all Sporcle quizzes.
OR
Log In
Forgot?

From the Vault

TV Shows Abroad (1960s)

by jar514

A TV show by any other name would be abroad.
Remove Ads.
Support Sporcle.
Get the best of Sporcle when you Go Orange. This ad-free experience offers more features, more stats, and more fun while also helping to support Sporcle. Thank you for becoming a member.

Show Comments

Extras

Top Quizzes Today


Score Distribution

Your Account Isn't Verified!

In order to create a playlist on Sporcle, you need to verify the email address you used during registration. Go to your Sporcle Settings to finish the process.

Report this User

Report this user for behavior that violates our Community Guidelines.

Details: